Sports Quiz

Random Sports or NFL Quiz

NFL 2012 Passing Defenses Quiz Stats

Quiz not verified by Sporcle

Challenge
Share
Tweet
Embed
Score 0/32 Timer 03:00
0 Plays Today
Rank Team % Correct
1Pittsburgh Steelers
97.6%
3Denver Broncos
97.6%
4San Francisco
95.1%
2New York Jets
92.7%
5Arizona Cardinals
92.7%
6Seattle Seahawks
90.2%
7Cincinnati Bengals
90.2%
8Chicago Bears
87.8%
9Philadelphia Eagles
87.8%
11Green Bay Packers
87.8%
10Buffalo Bills
85.4%
12Kansas City Chiefs
82.9%
13Carolina Panthers
82.9%
14DetroitLions
80.5%
15St. Louis Rams
80.5%
17Baltimore Ravens
80.5%
Rank Team % Correct
16Houston Texans
78%
18San Diego Chargers
75.6%
19Dallas Cowboys
75.6%
20Oakland Raiders
75.6%
22Jacksonville Jaguars
73.2%
21Indianapolis Colts
70.7%
23Atlanta Falcons
70.7%
24Minnesota Vikings
65.9%
25Cleveland Browns
65.9%
26Tennessee Titans
61%
28New York Giants
61%
27Miami Dolphins
58.5%
29New England Patriots
58.5%
30Washington Redskins
53.7%
31New Orleans Saints
51.2%
32Tampa Bay Buccaneers
51.2%

You're not logged in!

Compare scores with friends on all Sporcle quizzes.
Sign Up with Email
OR
Log In

You Might Also Like...

Show Comments

Extras

Top Quizzes Today


Score Distribution

Your Account Isn't Verified!

In order to create a playlist on Sporcle, you need to verify the email address you used during registration. Go to your Sporcle Settings to finish the process.